Statistics for Haritada Osmanlı İmparatorluğu'nun Günümüzdeki Ülkeleri

Click here to take the quiz!

General Stats

  • This quiz has been taken 3 514 times
  • The average score is 25 of 31

Answers on the Map

Answers color-coded by a green-red scale on the quiz's map according to % correct below.
 

Answer Stats

Ülke% Correct
Türkiye
99%
Suriye
98%
Yunanistan
98%
Irak
97%
Bulgaristan
96%
Mısır
96%
Gürcistan
94%
Kıbrıs
93%
İsrail
92%
Ukrayna
92%
Romanya
90%
Rusya
89%
Arnavutluk
87%
Cezayir
87%
Sırbistan
85%
Bosna-Hersek
82%
Libya
82%
Suudi Arabistan
82%
Tunus
81%
Kuzey Makedonya
80%
Lübnan
80%
Hırvatistan
79%
Macaristan
79%
Karadağ
77%
Moldova
77%
Kosova
76%
Ürdün
75%
Slovakya
67%
Kuveyt
65%
Sudan
38%
Eritre
31%

Score Distribution

Percentile by Number Answered

Percent of People with Each Score

Your Score History

You have not taken this quiz